| 000 | 00705nam a2200193 i 4500 | ||
|---|---|---|---|
| 001 | 78153 | ||
| 003 | ES-MaACL | ||
| 005 | 20250728141235.0 | ||
| 007 | t| | ||
| 008 | 041011s1944 ag ||||1| spa d | ||
| 100 | 1 |
_aHart, Henry. _961962 |
|
| 245 | 1 | 3 |
_aEl veneciano aventurero _b: descripción de la vida, tiempos y obra de Messeu Marco Polo / _cpor Henry Hart ; [traducción del inglés por Ignacio Covarrubias]. |
| 260 |
_aBuenos Aires : _bHachette, _c[1944] ( _fCompañía Impresora Argentina) |
||
| 300 |
_aX, 251 p., 2 lám. ; _c24 cm. |
||
| 600 | 1 | 4 |
_aPolo, Marco, _d1254-1324 _992864 |
| 700 | 1 |
_aCovarrubias, Ignacio. _941349 |
|
| 852 |
_aES-MaACL _jB-10546 _bR.21908 |
||
| 999 |
_c78153 _d78153 |
||